Report of the one-man independent body to enquire into the question of dearness allowance payable to central government employees (Record no. 499837)

000 -LEADER
fixed length control field 00360cam a22000977a 4500
008 - FIXED-LENGTH DATA ELEMENTS--GENERAL INFORMATION
fixed length control field 180718b1965 xxu||||| |||| 00| 0 eng d
082 ## - DEWEY DECIMAL CLASSIFICATION NUMBER
Classification number K232x54 In2r
245 ## - TITLE STATEMENT
Title Report of the one-man independent body to enquire into the question of dearness allowance payable to central government employees
260 ## - PUBLICATION, DISTRIBUTION, ETC.
Place of publication, distribution, etc. Delhi
Name of publisher, distributor, etc. Government of India Press
Date of publication, distribution, etc. 1965
300 ## - PHYSICAL DESCRIPTION
Extent 61p.
Holdings
Withdrawn status Lost status Damaged status Not for loan Permanent Location Current Location Date acquired Full call number Barcode Date last seen Price effective from Koha item type
        Indian Institute of Public Administration Indian Institute of Public Administration 2018-08-04 K232x54 In2r G6649 2018-08-04 2018-08-04 G

Powered by Koha